000 02509nam a22002297a 4500
003 URS
005 20250205190036.0
008 250130b |||||||| |||| 00| 0 eng d
050 0 0 _aLG 221.R59
_b.An51 2022
100 1 _aAni, Jhona Flor R.
_eResearcher
245 1 0 _aReading frustrations of grade 6 pupils:
_bBasis for an intervention program/
_cJhona Flor R. Ani
260 1 _c2022
300 _axi, 111 leaves
_billustrations,
_c28cm.
336 _2rdacontent
_atext
337 _2rdamedia
_aunmediated
338 _2rdacarrier
_avolume
502 _aGS THESIS
_bMaster of Arts in Education Major in Educational Management
_cUniversity of Rizal System, Rodriguez, Rizal
_dyear of 2022
520 _aThis study aimed to determine the causes of the Grade 6 pupils' reading frustrations to be the basis in the development of an intervention program. This study also aimed to identify the efforts exerted by the parents, teachers and the school to address the problems on reading. This study was conducted for School Year 2021 to 2022 at Payatas B Annex Elementary School. Seventeen (17) Grade 6 pupils together with their parents or guardians, 13 reading teachers, and 13 reading coordinators from the public elementary schools in Congressional District 2 of Quezon City were contributory to the needed information on this study. Descriptive evaluative type of research and cause and effect analysis method through an interview was utilized to collect data. Findings revealed that the reading frustrations of the Grade 6 pupils were caused by lack of interest among pupils due to over fascination in using gadgets, insufficient support from family, teachers' misconception in the promotion of their pupils, noisy and troublesome home environment and limited funds to implement the school reading programs. Pupils cope with their reading difficulties with the help of their parents by means of practice reading, tutorial, provision of reading materials and through continued encouragement. Reading teachers exert efforts to address the reading frustrations of their pupils by means of conducting remedial reading interventions, encouraging their parents and pupils to participate, providing reading materials to them and attending trainings and seminars to learn varied strategies, approaches and techniques to teach their pupils how to read.
650 _2Reading frustrations - Grade 6 pupils - development of intervention programs
700 _aSoliguen, Stephen P., Ed.D
_eAdviser
942 _2lcc
_cT
999 _c81930
_d81929